000 00263nam a2200109Ia 4500
008 230917s9999||||xx |||||||||||||| ||und||
040 _e190517
_aMAIN
041 _aEnglish
100 _aKaplish, B M
245 0 _aElements of mathematics and statics
942 _cBK
999 _c130557
_d130557